000
00199 a2200097 4500
001
42517
100
_a
Miksche
245
_a
Secret forces
260
_a
London
_b
Green wood
_c
090
_c
26429
_d
26429
942
_a
NUST-CAE
_c
M
_c
18257
999
_c
277590
_d
277590